000 01617njm a22002897a 4500
005 20100908150712.0
006 a|||||r|||||00| 0
007 sd ammalaaahaa
008 100901t xxu||||| |||| 00| 0 eng d
028 _aN-54772
_bHis Master 's Voice
035 _aGR-01395
040 _aSED
_cSED
100 _aKishore Kumar
_917816
245 _aGanga ki Lahren/
_h[Gramophone Recoding] :
_b
_cby Kishore Kumar,Lata mangeshker[and] Janta chitra
246 _aगंगा की लहरें /(किशोर कुमार )(,लता मंगेशकर ) [एंड ] (जनता चित्र )
260 _aDum Dum, India:
_bHis Master 's Voice
300 _a1 sound Disc [GramaphoneRecording] :
_banalog, 33 1/3 rpm ;
_c9.5 in (MP)
_fGramaphone Records
500 _aBrief Record
505 _a पार्ट १ हमारे संग संग चले (गंगा की लहरें )(किशोर कुमार )(,लता मंगेशकर ) [एंड ] (जनता चित्र )Part1 Hamare sang sang Chale (Ganga ki Lahren)(Kishore Kumar)(Lata mangeshker) [and] (Janta chitra) पार्ट २ बेर्री बिछुवा बड़ा दुःख दे Part 2 Berri bichuva bada dukh de ()
650 _aMotion Picture Music
_xExcerpts
_zIndia
_917817
700 _917836
_aLata mangeshker
700 _aJanta chitra
_918977
700 _aMajrooh
_918937
700 _aChitraGupta
_918986
942 _2ddc
_cGR
999 _c44575
_d44575